000 00493nam a2200145 a 4500
001 000036359
005 20200930075704.0
008 120113s1948 dr 000 0 spa d
040 _aDO-SdBNP
_bspa
_cBNPHU
100 1 _aGurvitch, Georges
_961543
245 1 0 _aMorale théorique et science des meurs /
_cGeorges Gurvitch.
260 _aFrancia :
_bPresses Universitaires de France,
_c1948.
300 _a204 p. ;
_c21cm.
500 _aPerteneció a la biblioteca personal de Isidro Jimenes Grullón
999 _c35850
_d35850